000 01053nam a2200289 a 4500
001 57644
003 BD-RJUL
005 20211209080534.0
008 161211s1995 mauabm b 001 0 eng d
020 _a0122537904 (pbk.)
020 _a0122537912 (CDROM)
035 _aBD-RjUL57768
040 _aBD-RjUL
_beng
_cBD-RjUL
041 _aeng
082 _223
_a306.4
_bFEG 1995
088 _aSystem requirements for accompanying computer disc: Macintosh or PC (sound board required) with 4 MB of memory, 256 color display adapter
100 1 _aFernandes, Tony.
_9171171
245 1 0 _aGlobal interface design /
_cTony Fernandes
260 _aBoston ;
_aLondon :
_bAP Professional,
_cc1995
300 _axvii, 191 p. :
_bill. ;
_c24 cm.
500 _a"A guide to designing international user interfaces"--Cover
504 _aIncludes bibliographical references (p. 181-182) and index
650 0 _aUser interfaces (Computer systems)
_9171172
650 0 _aUser-centered system design
_9171173
942 _2ddc
_cBK
999 _c57644
_d57644